Nástroje riadenia finančného hospodárstva podniku a ich využitie v podnikateľskej praxi bakalárska práca

Gespeichert in:
Bibliographische Detailangaben
1. Verfasser: Nemcová, Žofia
Körperschaft: Fakulta podnikového manažmentu EU. Katedra podnikovohospodárska
Weitere Verfasser: Hutera, Milan
Format: Buch
Sprache:Slowakisch
Veröffentlicht: Bratislava 2012
Tags: Tag hinzufügen
Keine Tags, Fügen Sie das erste Tag hinzu!

MARC

LEADER 00000nbm a2200000 4500
001 0153930
005 20161109111815.4
041 0 |a slo 
044 |a SK 
245 1 0 |a Nástroje riadenia finančného hospodárstva podniku a ich využitie v podnikateľskej praxi  |b bakalárska práca  |c Žofia Nemcová ; školiteľ: Milan Hutera 
264 1 |a Bratislava  |c 2012 
300 |a 48 s. 
100 1 |a Nemcová, Žofia 
700 1 |a Hutera, Milan 
710 2 |a Fakulta podnikového manažmentu EU. Katedra podnikovohospodárska